| 000 | 00970nac a22002771u 4500 | ||
|---|---|---|---|
| 010 | _a 84001829 | ||
| 020 | _a0521256968 | ||
| 082 | 0 | 0 |
_a574 _bLIF |
| 090 |
_c9453 _d9453 |
||
| 100 | _a20080729 | ||
| 245 | 0 | 4 |
_aThe Cambridge encyclopedia of life sciences / _cgeneral editors, Adrian Friday, David S. Ingram. |
| 260 |
_aCambridge [Cambridgeshire] ; _aNew York : _bCambridge University Press,1985. _cc1985. |
||
| 300 |
_a432 p. : _bill. (some col.) ; _c29 cm. |
||
| 500 | _aDistributer: Al-Ahram | ||
| 504 | _aIncludes bibliographies and indexes. | ||
| 511 | _aCatalogued by: Sara | ||
| 650 | 0 | _aBiology. | |
| 650 | 0 | _aEcology. | |
| 700 | 1 | _aFriday, A. E. | |
| 700 | 1 | _aIngram, David S. | |
| 856 | 4 | 2 |
_3Publisher description _uhttp://www.loc.gov/catdir/description/cam031/84001829.html |
| 942 |
_cNB _k574LIF _hRDA-MOD |
||
| 999 |
_c9453 _d9453 |
||
| 336 |
_2rdacontent _atext _btxt |
||
| 337 |
_aunmediated _2rdamedia _bn |
||
| 338 |
_avolume _bnc _2rdacarrier |
||